000 00291nam a22001337a 4500
008 171202b xxu||||| |||| 00| 0 eng d
020 _a9781400051991
041 _aeng
080 _a32
100 _a18
101 _aSHP
245 _aTHE PRINCE OF DARKNESS
_cNOVAK, R.D
942 _2udc
_cBK
999 _c38732
_d38732